| 000 | 00543nam a2200181Ia 4500 | ||
|---|---|---|---|
| 008 | 090123s9999 xx 000 0 und d | ||
| 082 | _b41858 | ||
| 100 | _aलिंबाळे शरणकुमार | ||
| 245 | _aबहुजन | ||
| 250 | _a0 | ||
| 260 |
_bदिलिपराज प्रकाशन _c2007 |
||
| 300 | _a216 | ||
| 600 | _aलिंबाळे शरणकुमार | ||
| 630 | _aबहुजन | ||
| 700 | _aलिंबाळे शरणकुमार | ||
| 730 | _aबहुजन | ||
| 942 | _cBOOK | ||
| 999 |
_c79935 _d79935 |
||